00676 2200253 4500001002100000005001700021008004100038020001800079035002400097082001200121090001900133100002200152245006600174250001000240260004100250300002400291650002700315700001900342850001500361980001100376985000600387999001400393999001500407YOGYA-0209000003812420090227025329.0 ind  a979-3654-51-1 0010-020900000038124 a343.072 a343.072bWib H aWIBOWO, Destivano aHukum acara persaingan usahacDestivano Wibowo, harjan Sinaga aCet.1 aJakartabRaja Grafindo Persadac2005 axii, 188 hlmc20 cm aMonopoli - Aspek hukum aSinaga, Harjon aYOPDYOG(B) a190406 a2 a050009287 a05B0009288